000 00495nam a2200193 a 4500
001 1762410865265
003 ACL
005 20251106120720.0
008 251106s1998##################000#0#eng##
020 _a9781840140613
082 0 4 _a658.4
_bFRA
100 1 _aFraser, Andrew W.,
_eauthor.
245 1 0 _aReinventing Aristocracy :
260 _bDartmouth Publishing Company,
_c1998.
300 _a168 pages
650 0 _aBusiness & Economics.
942 _cENGLISH
040 _aACL
_beng
_cACL
999 _c596075
_d596075